000 00825cam a22002295a 4500
001 L137436
008 070405s2007 xxk f 000 0 eng d
035 _a(Sirsi) u137436
041 0 _aeng
100 1 _aEade, Christine
245 0 0 _aRegional
_bGlos, Herefords, Worcs and Warks
260 _c2007
490 0 _aProperty Week
_v72(12) 23 March 2007, 85-98(6)
520 _aDiscusses the redevelopment of the livestock market in Hereford, the development of a retail centre in Leamington Spa and the development of a 130,000 sq ft distribution centre for baking ingredients in Birmingham.
590 _aKA
651 4 _aGLOUCESTERSHIRE
651 4 _aHEREFORDSHIRE
651 4 _aWORCESTERSHIRE
651 4 _aWARWICKSHIRE
690 _aPROPERTY-COMMERCIAL PROPERTY-COMMERCIAL PROPERTY DEVELOPMENT
942 _n0
999 _c106780
_d106780